Soria / (Record no. 186109)
[ view plain ]
| 000 -LEADER | |
|---|---|
| campo de control de longitud fija | 00854nam a2200241 i 4500 |
| 001 - NÚMERO DE CONTROL | |
| campo de control | 186109 |
| 003 - IDENTIFICADOR DE NÚMERO DE CONTROL | |
| campo de control | ES-MaACL |
| 005 - FECHA Y HORA DE LA ÚLTIMA TRANSACCIÓN | |
| campo de control | 20231205193252.0 |
| 008 - DATOS DE LONGITUD FIJA--INFORMACIÓN GENERAL | |
| campo de control de longitud fija | 160909s1948 sp |||| | spa d |
| 080 ## - NÚMERO DE LA CLASIFICACIÓN DECIMAL UNIVERSAL | |
| Número de la Clasificación Decimal Universal | 821.134.2-14"19" |
| 100 1# - ENTRADA PRINCIPAL--NOMBRE DE PERSONA | |
| Nombre de persona | Diego, Gerardo, |
| Fechas asociadas al nombre | 1896-1987 |
| 9 (RLIN) | 44545 |
| 245 10 - MENCIÓN DEL TÍTULO | |
| Título | Soria / |
| Mención de responsabilidad, etc. | Gerardo Diego ; ilustraciones de Pedro de Matheu. |
| 246 2# - FORMA VARIANTE DEL TITULO | |
| Título propio/Titulo breve | Retr. del autor |
| 250 ## - MENCION DE EDICION | |
| Mención de edición | 1ª ed. |
| 260 ## - PUBLICACIÓN, DISTRIBUCIÓN, ETC. | |
| Lugar de publicación, distribución, etc. | Santander ; |
| -- | Madrid : |
| Nombre del editor, distribuidor, etc. | Antonio Zuñiga, |
| Fecha de publicación, distribución, etc. | 1948. |
| 300 ## - DESCRIPCIÓN FÍSICA | |
| Extensión | 161 p., [6] h. de lám. ; |
| Dimensiones | 23 cm. |
| 490 1# - MENCIÓN DE SERIE | |
| Mención de serie | Colección El viento sur ; |
| Designación de volumen o secuencia | 2 |
| 700 1# - ENTRADA AGREGADA--NOMBRE PERSONAL | |
| Nombre de persona | Matheu, Pedro de ( |
| Fechas asociadas al nombre | 1900-1965) |
| 9 (RLIN) | 160775 |
| 830 0# - PUNTO DE ACCESO ADICIONAL DE SERIE-TÍTULO UNIFORME | |
| Título uniforme | Colección El viento sur ; |
| Designación de volumen o secuencia | 2 |
| 9 (RLIN) | 184437 |
| 852 ## - LOCALIZACIÓN | |
| Ubicación | ES-MaACL |
| Número de control de estantería | E-4773 |
| Encuadernación | Ejemplar nº 22 de una tirada de 125 y con la firma autógrafa del autor y del ilustrador |
| 942 ## - ELEMENTOS DE ENTRADA SECUNDARIOS (KOHA) | |
| Fuente del sistema de clasificación o colocación | Clasificación decimal universal |
| Estatus retirado | Estado de pérdida | Fuente del sistema de clasificación o colocación | Estado de daño | No para préstamo | Colección | Biblioteca de origen | Biblioteca actual | Ubicación en estantería | Fecha de adquisición | Total de préstamos | Signatura topográfica completa | Código de barras | Visto por última vez | Precio de reemplazo | Tipo de ítem Koha | Nota pública |
|---|---|---|---|---|---|---|---|---|---|---|---|---|---|---|---|---|
| Clasificación decimal universal | Libros con dedicatorias | Biblioteca del Ateneo de Madrid | Biblioteca del Ateneo de Madrid | Depósito 2 | 09/09/2016 | E-4773 | 1196214 | 23/02/2023 | 23/02/2023 | Libro impreso | Firma autógrafa del autor y del ilustrador |
